Bankovníctvo. 4 Pasívna činnosti komerčných bánk
Komerčné banky vykonávajú rôzne činnosti s obchodno-podnikateľským zameraním - 3 skupiny - pasívne, aktívne, ostatné. Prostredníctvom pasívnych operácií si banky sústreďujú kapitál potrebný na podnikanie. Vlastný kapitál bánk. Cudzí kapitál - podľa druhu a splatnosti: vklady na požiadanie, terminova...
Gespeichert in:
| 1. Verfasser: | |
|---|---|
| Format: | Buchkapitel |
| Sprache: | Slowakisch |
| Schlagworte: | |
| Tags: |
Keine Tags, Fügen Sie das erste Tag hinzu!
|
MARC
| LEADER | 00000naa a2200000 4500 | ||
|---|---|---|---|
| 001 | r014822 | ||
| 005 | 20221205085838.1 | ||
| 041 | 0 | |a slo | |
| 044 | |a SK | ||
| 245 | 1 | 0 | |a Bankovníctvo. 4 |b Pasívna činnosti komerčných bánk |c Božena Petrjánošová |
| 520 | |a Komerčné banky vykonávajú rôzne činnosti s obchodno-podnikateľským zameraním - 3 skupiny - pasívne, aktívne, ostatné. Prostredníctvom pasívnych operácií si banky sústreďujú kapitál potrebný na podnikanie. Vlastný kapitál bánk. Cudzí kapitál - podľa druhu a splatnosti: vklady na požiadanie, terminované vklady, úsporné vklady, depozitné certifikáty, bankové obligácie, úvery a pôžičky od iných bánk. Hodnotenie pasívnych operácií komerčných bánk. | ||
| 610 | 2 | 0 | |a banky |
| 610 | 2 | 0 | |a operácie bankové |
| 610 | 2 | 0 | |a kapitál bankový |
| 610 | 2 | 0 | |a bankovníctvo |
| 100 | 1 | |a Petrjánošová, Božena | |